00871 2200205 4500001002100000005001500021008004100036035002000077082000800097084001400105100001800119245005400137250000600191260003800197300001200235520038400247650001000631990001200641990001200653INLIS00000000000130620240521103601240521 1 ind  a0010-0524000541 a813 a813 MAI s aRosyida, Maia1 aS.M.A.S.H ( Based On True Story ) /cMaia Rosyida a1 aYogyakarta :bSheila/ Andi,c2014 a344 hlm aS.M.A.S.H Dahsyatnya puncak butuh waktu. Keindahan lautan butuh diselami. Sampai semua berawal di ITB. Dari sanalah, Bandung turut membesarkan SMASH. Tapi ini memang mustahil dan memang bukan akhir. Justru ini adalah awal. Awal ketika Smash menerima hujatan massa atau ribuan konflik di tubuh SMASH sendiri. Dicerca sekaligus dipuja. Rangga pun bergeming "Kita kena Cyber Bully". 4aFiksi a0741454 a0741455